000 01400nam a22002897a 4500
001 473
003 OSt
005 20250902104009.0
008 250902b |||||||| |||| 00| 0 eng d
020 _a8508033710
040 _bpor
041 _hpor
082 0 4 _a028.5
_bM313t
100 1 _aAquino, Marçal,
_d1958-
_91003
245 1 2 _aA turma da Rua Quinze /
_cMarçal Aquino
260 _aSão Paulo :
_bEditora Ática,
_c1989.
300 _a109p. :
_bil. ;
520 _aMarcão desaparece de repente, deixando todos da rua Quinze preocupados. E várias perguntas começam a pintar para a turma. Quem é aquele homem estranho com uma horrível cicatriz no rosto? Por que Marcão desapareceu sem deixar vestígios? O que significa tanto movimento naquele velho casarão no fim da rua? Em busca de resposta para essas perguntas, Pedro, Serginho e Renato e toda a turma da rua Quinze decidem entrar em ação. Você nem imagina do que esse grupo de jovens é capaz! Em capítulos repletos de surpresas, o leitor acompanha cada passo da turma na grande empreitada para desvendar o desaparecimento de Marcão e todos os outros mistérios que rondam o bairro.
650 _aLiteratura Brasileira
_9205
650 _aInfantojuvenil
_9200
650 _aAventura
_947
655 0 _aRomance
_923
655 0 _aFicção
_922
830 0 _aVagalume
_9999
942 _2ddc
_n0
_cBK
999 _c473
_d473